Modrožltý dom na okraji Obchodné idey firmy IKEA: kvalitný dizajn, vysoká funkčnosť, nízke ceny
Obchodný dom IKEA v Bratislave. Fungovanie firmy IKEA a sieť jej obchodných domov vo svete. Sortiment tovaru, produkcia, dizajnérske ateliéry, štúdiá. Vývoj produktov pomocou vlastných dizajnérov. Spolupráca s dodávateľmi.
Gespeichert in:
| 1. Verfasser: | |
|---|---|
| Format: | Buchkapitel |
| Sprache: | Slowakisch |
| Schlagworte: | |
| Tags: |
Keine Tags, Fügen Sie das erste Tag hinzu!
|
MARC
| LEADER | 00000naa a2200000 4500 | ||
|---|---|---|---|
| 001 | r017427 | ||
| 005 | 20221213100502.8 | ||
| 041 | 0 | |a slo | |
| 044 | |a SK | ||
| 245 | 1 | 0 | |a Modrožltý dom na okraji |b Obchodné idey firmy IKEA: kvalitný dizajn, vysoká funkčnosť, nízke ceny |c Dagmar Krištofičová |
| 520 | |a Obchodný dom IKEA v Bratislave. Fungovanie firmy IKEA a sieť jej obchodných domov vo svete. Sortiment tovaru, produkcia, dizajnérske ateliéry, štúdiá. Vývoj produktov pomocou vlastných dizajnérov. Spolupráca s dodávateľmi. | ||
| 610 | 2 | 0 | |a domy obchodné |
| 610 | 2 | 0 | |a IKEA Bratislava |
| 610 | 2 | 0 | |a nábytok |
| 610 | 2 | 0 | |a predaj |
| 610 | 2 | 0 | |a dizajn |
| 610 | 2 | 0 | |a dizajnéri |
| 610 | 2 | 0 | |a obrat obchodný |
| 610 | 2 | 0 | |a distribúcia |
| 100 | 1 | |a Krištofičová, Dagmar | |